Statistics for All Keys on a Keyboard

Click here to take the quiz!

General Stats

  • This quiz has been taken 45 times
  • The average score is 94 of 152

Answer Stats

Answer % Correct
esc
90%
F8
87%
F1
87%
F12
87%
F11
87%
F9
87%
F10
87%
F7
87%
F6
87%
F5
87%
F4
87%
F3
87%
F2
87%
spacebar
80%
x
80%
z
80%
b
80%
n
80%
m
80%
v
80%
c
80%
w
77%
u
77%
s
77%
a
77%
g
77%
h
77%
j
77%
k
77%
p
77%
o
77%
i
77%
y
77%
f
77%
t
77%
r
77%
e
77%
l
77%
q
77%
shift
77%
d
77%
4
73%
3
73%
2
73%
1
73%
8
73%
caps lock
73%
5
73%
9
73%
6
73%
7
73%
0
73%
ctrl
70%
alt
70%
del
70%
enter
70%
alt
70%
shift
70%
esc
67%
tab
67%
F2
63%
F10
63%
F5
63%
F4
63%
F3
63%
F8
63%
F1
63%
F9
63%
63%
63%
63%
F11
63%
F7
63%
F12
63%
63%
,
63%
F6
63%
U
60%
Y
60%
T
60%
R
60%
E
60%
Q
60%
W
60%
I
60%
ctrl
60%
O
60%
=
60%
P
60%
.
60%
K
57%
H
57%
G
57%
F
57%
;
57%
D
57%
tab
57%
J
57%
N
57%
A
57%
@
57%
/
57%
alt
57%
spacebar
57%
alt
57%
M
57%
S
57%
B
57%
V
57%
$
57%
%
57%
C
57%
X
57%
Z
57%
L
53%
ctrl
53%
shift
53%
53%
enter
53%
'
53%
caps lock
53%
del
53%
-
53%
53%
#
50%
50%
+
50%
50%
!
50%
fn
50%
ctrl
47%
shift
47%
\
47%
fn
40%
&
37%
*
37%
?
37%
:
37%
]
33%
"
33%
[
33%
_
30%
~
27%
`
23%
>
23%
<
20%
^
20%
(
20%
)
20%
}
13%
{
13%
|
10%

Score Distribution

Percentile by Number Answered

Percent of People with Each Score

Your Score History

You have not taken this quiz